000 01150nam a2200229 i 4500
001 20715
003 ES-MaACL
005 20230906152341.0
007 t|
008 021118s1845 sp ||||1| spa d
080 _a821.134.2-31"17"
100 1 _aDelgado, Jacinto María.
_9158736
245 1 0 _aAdiciones a la historia del ingenioso hidalgo Don Quijote de la Mancha, continuación de la vida de Sancho Panza /
_c[Jacinto María Delgado].
246 3 _aMemorias del esclarecido Cide-Hamete Benengeli, recogidas por Melique Zulema
260 _aMadrid :
_bEstab. Tip. de D. F. de P. Mellado, Editor,
_c1845.
300 _a216 p. :
_bil. ;
_c17 cm.
505 8 _aContiene: Memorias del esclarecido Cide-Hamete Benengeli, recogidas por Melique Zulema, autor igualmente verdadero que arábigo (p. [205]-214)
530 _aDisponible en formato digital.
593 _aNombre del autor tomado de: Adiciones a la historia del ingenioso hidalgo Don Quixote de la Mancha. Madrid : Blas Román, 1786.
852 _aES-MaACL
_jD-340
856 4 _uhttps://bibliotecadigital.jcyl.es/es/consulta/registro.do?id=7357
_zBiblioteca Digital de Castilla y León
999 _c20715
_d20715